[Event "TCh-YUG"]
[Site "Herceg Novi YUG"]
[Date "2001.09.04"]
[Round "2"]
[White "Beliavsky,A"]
[Black "Zontakh,A"]
[Result "1/2-1/2"]
[WhiteElo "2659"]
[BlackElo "2518"]

1.Nf3 Nf6 2.c4 e6 3.Nc3 Bb4 4.Qc2 O-O 5.a3 Bxc3 6.Qxc3 b6 7.e3 Bb7 8.Be2 d6
9.O-O Nbd7 10.b4 a5 11.Bb2 axb4 12.axb4 Qe7 13.Nd4 e5 14.Nb5 c6 15.Na7 d5
16.b5 d4 17.Qb3 c5 18.Nc6 Qd6 19.f4 Rxa1 20.Bxa1 Re8 21.fxe5 Nxe5 22.exd4 Nxc6
23.bxc6 Bxc6 24.Bd1 Bd7 25.dxc5 bxc5 26.Bxf6 gxf6 27.Qc3 Re4 28.Bc2 Rh4 29.h3 Rd4
30.Rf2 Qe5 31.Bd3 Be6 32.Bf1 f5 33.d3 f4 34.Qb2 Kg7 35.Rf3 Bf5 36.Qf2 Bg6
37.Qh4 h6 38.Qf2 Qd6 39.Qe1 Kh7 40.Qe8 Kg7 41.Qe1 Kh7  1/2-1/2

[Event "TCh-YUG"]
[Site "Herceg Novi YUG"]
[Date "2001.09.06"]
[Round "4"]
[White "Beliavsky,A"]
[Black "Movsesian,S"]
[Result "1/2-1/2"]
[WhiteElo "2659"]
[BlackElo "2627"]

1.d4 Nf6 2.c4 c6 3.Nc3 d5 4.Nf3 a6 5.cxd5 cxd5 6.Bg5 Ne4 7.Bh4 Nc6 8.e3 Qa5
9.Qb3 Qb4 10.Qxb4 Nxb4 11.Rc1 Bf5 12.a3 Nxc3 13.Rxc3 Nc6 14.Be2 f6 15.O-O e6
16.Nd2 Kd7 17.Nb3 Bd6 18.Nc5+ Bxc5 19.dxc5 Rad8 20.Rb3 Kc7 21.g4 Bc2  1/2-1/2

[Event "ECC"]
[Site "Panormo GRE"]
[Date "2001.09.23"]
[Round "1"]
[White "Krivonosov,O"]
[Black "Beliavsky,A"]
[Result "0-1"]
[WhiteElo "2432"]
[BlackElo "2659"]

1.Nf3 Nf6 2.c4 g6 3.Nc3 Bg7 4.e4 O-O 5.d4 d6 6.Be2 Na6 7.Bf4 Nd7 8.O-O e5
9.Be3 Re8 10.Re1 Nf8 11.dxe5 dxe5 12.Qxd8 Rxd8 13.Rad1 Rxd1 14.Rxd1 c6 15.c5 Bg4
16.Bc4 Nc7 17.Ne2 Be6 18.Bxe6 Ncxe6 19.Ne1 Bf6 20.f3 Be7 21.Rc1 Rd8 22.Kf2 f5
23.g3 fxe4 24.fxe4 Nd7 25.Nd3 Nf6 26.Nxe5 Nxe4+ 27.Kf3 N4xc5 28.Nf4 Nxf4
29.Bxc5 Bxc5 30.gxf4 Bb6 31.Rc2 Rd4 32.Re2 Bc7 33.b3 Kf8 34.h3 c5 35.Kg3 b6
36.Kg4 Bxe5 37.Rxe5 Rd2 38.a3 Rd3 39.b4 c4 40.Re4 b5 41.a4 Rd7 42.axb5 Rc7
43.Re2 c3 44.Rc2 Kf7 45.Kf3 Ke6 46.Ke4 h5  0-1

[Event "ECC"]
[Site "Panormo GRE"]
[Date "2001.09.24"]
[Round "2"]
[White "Beliavsky,A"]
[Black "Karttunen,M"]
[Result "1-0"]
[WhiteElo "2659"]
[BlackElo "2466"]

1.d4 d5 2.c4 c6 3.Nf3 Nf6 4.Nc3 dxc4 5.a4 Bf5 6.Ne5 Nbd7 7.Nxc4 Nd5 8.f3 e5
9.e4 Nxc3 10.bxc3 Be6 11.Rb1 Qc7 12.Be3 Rd8 13.Qc2 b6 14.Bd3 Bxc4 15.Bxc4 Bd6
16.g3 O-O 17.O-O Kh8 18.f4 f6 19.Qg2 b5 20.Be6 Rfe8 21.Bf7 Rf8 22.Be6 Rfe8
23.Ba2 exd4 24.cxd4 bxa4 25.e5 Bf8 26.Rbc1 Nb8 27.Bb1 Qf7 28.Qc2 g6 29.Qxa4 c5
30.dxc5 Qc7 31.c6  1-0

[Event "ECC"]
[Site "Panormo GRE"]
[Date "2001.09.25"]
[Round "3"]
[White "Hracek,Z"]
[Black "Beliavsky,A"]
[Result "1/2-1/2"]
[WhiteElo "2610"]
[BlackElo "2659"]

1.e4 e5 2.Nf3 Nc6 3.Bb5 a6 4.Ba4 Nf6 5.O-O Be7 6.Re1 b5 7.Bb3 d6 8.c3 O-O
9.h3 Re8 10.d4 Bb7 11.Nbd2 Bf8 12.a4 h6 13.d5 Nb8 14.axb5 axb5 15.Rxa8 Bxa8
16.c4 bxc4 17.Nxc4 c6 18.Ba4 Qc7 19.dxc6 Bxc6 20.Bxc6 Qxc6 21.Nfd2 Nbd7 22.b3 Nc5
23.Qc2 d5 24.exd5 Qxd5 25.Ne3 Qd7 26.Rd1 Qd3 27.Qxd3 Nxd3 28.Ndc4 e4 29.Bd2 Rb8
30.Rb1 Nd7 31.g3 g6 32.h4 Rb5 33.Nc2 Bc5 34.Be3 Bxe3 35.N4xe3 N7e5 36.Nd4 Rb6
37.Kg2 Rf6 38.Rf1 h5 39.Nec2 Kg7 40.f3 exf3+ 41.Nxf3 Rc6 42.Ncd4 Rc3 43.Nxe5 Nxe5
44.Rb1 Nd3 45.Ne2  1/2-1/2

[Event "ECC"]
[Site "Panormo GRE"]
[Date "2001.09.28"]
[Round "6"]
[White "Beliavsky,A"]
[Black "Mitkov,N"]
[Result "1-0"]
[WhiteElo "2659"]
[BlackElo "2547"]

1.d4 Nf6 2.c4 e6 3.g3 d5 4.Bg2 Bb4+ 5.Bd2 Be7 6.Nf3 c6 7.Qc2 O-O 8.O-O b6
9.Rd1 Nbd7 10.Bf4 Bb7 11.Nc3 Nh5 12.Bc1 Nhf6 13.b3 Rc8 14.e4 dxe4 15.Ng5 h6
16.Ngxe4 Nxe4 17.Nxe4 Nf6 18.c5 Nd5 19.a3 a5 20.Bf1 Qc7 21.Bd2 Rfd8 22.b4 axb4
23.Bxb4 Ra8 24.cxb6 Qxb6 25.Bxe7 Nxe7 26.Nc5 Bc8 27.a4 Ra5 28.Nb3 Rad5 29.a5 Qa7
30.a6 Bd7 31.Bc4 Rd6 32.Nc5 Bc8 33.Qb2 Nd5 34.Rdb1 Nc7 35.Qb8 Qxb8 36.Rxb8 Rxd4
37.a7 Rxc4 38.Na6 Nxa6 39.Rxa6 Rc1+ 40.Kg2  1-0

[Event "ECC"]
[Site "Panormo GRE"]
[Date "2001.09.29"]
[Round "7"]
[White "Beliavsky,A"]
[Black "Hickl,J"]
[Result "1-0"]
[WhiteElo "2659"]
[BlackElo "2600"]

1.d4 Nf6 2.c4 d6 3.Nc3 Bf5 4.f3 e5 5.d5 e4 6.Be3 exf3 7.exf3 h5 8.Nge2 g6
9.Nd4 Bd7 10.Be2 Bg7 11.O-O O-O 12.Kh1 Re8 13.Bg5 Qc8 14.Qd2 Na6 15.Rae1 Nh7
16.Bh4 Bf5 17.a3 Bd7 18.b4 Re5 19.f4 Bh6 20.Qd3 Re8 21.f5 g5 22.Qd2 Bg7 23.f6 gxh4
24.fxg7 Re5 25.Qh6 h3 26.Bd3 hxg2+ 27.Kxg2 Rg5+ 28.Kh1 Rxg7 29.Ne6  1-0

[Event "TCh-SLO"]
[Site "Bled SLO"]
[Date "2001.10.19"]
[Round "2"]
[White "Kozul,Z"]
[Black "Beliavsky,A"]
[Result "1-0"]
[WhiteElo "2569"]
[BlackElo "2668"]

1.d4 Nf6 2.c4 e6 3.Nf3 d5 4.g3 dxc4 5.Bg2 Nc6 6.O-O Rb8 7.e3 b5 8.Qe2 Bd6
9.Rd1 O-O 10.e4 Be7 11.h4 Nb4 12.Ne1 c5 13.Bf4 Rb7 14.dxc5 Rd7 15.Nc3 Bxc5
16.Rxd7 Bxd7 17.Rd1 Qb6 18.a3 Nc6 19.e5 Nd5 20.Bxd5 exd5 21.Nxd5 Qb7 22.Be3 Bxe3
23.Qxe3 Re8 24.Qg5 Kh8 25.Nf3 Nd8 26.Qh5 Ne6 27.Qxf7 Rf8 28.Qe7 Rxf3 29.Ne3 Rxe3
30.fxe3 Qf3 31.Rxd7 Qxe3+ 32.Kf1 Qf3+ 33.Ke1 Qxg3+ 34.Kd1 Qg4+ 35.Kc1 h5
36.Rd6 Nf4 37.e6 Qg1+ 38.Kc2 Qg6+ 39.Kc3 Qg3+ 40.Kb4 Qb3+ 41.Kc5 Nd3+ 42.Kc6 Ne5+
43.Kc7  1-0

[Event "TCh-SLO"]
[Site "Bled SLO"]
[Date "2001.10.21"]
[Round "4"]
[White "Zaja,I"]
[Black "Beliavsky,A"]
[Result "0-1"]
[WhiteElo "2476"]
[BlackElo "2668"]

1.d4 d6 2.e4 Nf6 3.Nc3 g6 4.f4 Bg7 5.Nf3 c5 6.Bb5+ Bd7 7.e5 Ng4 8.Bxd7+ Qxd7
9.d5 dxe5 10.h3 e4 11.Nxe4 Nf6 12.Ne5 Qa4 13.Nc3 Qa6 14.Qe2 O-O 15.Be3 Rd8
16.Rd1 Nfd7 17.Ne4 Qxe2+ 18.Kxe2 Na6 19.Nxd7 Rxd7 20.b3 c4 21.bxc4 Rc8 22.Nd2 Nb4
23.Bxa7 Nxa2 24.Ke3 Nc3 25.Ra1 e6 26.Bd4 exd5 27.Bxg7 Kxg7 28.Kd3 Ne4 29.Rhb1 Nxd2
30.Kxd2 Rxc4 31.Ra7 Rxf4 32.Ke3 Rc4 33.Kd3 Rdc7 34.Rb2 Rc3+ 35.Kd2 Rg3  0-1

[Event "TCh-SLO"]
[Site "Bled SLO"]
[Date "2001.10.23"]
[Round "6"]
[White "Sveshnikov,E"]
[Black "Beliavsky,A"]
[Result "1/2-1/2"]
[WhiteElo "2556"]
[BlackElo "2668"]

1.e4 d6 2.d4 Nf6 3.Nc3 g6 4.Be3 c6 5.h3 Nbd7 6.f4 Qa5 7.Bd3 c5 8.Ne2 c4 9.Bxc4 Nxe4
10.O-O Ndf6 11.Bb5+ Bd7 12.Bxd7+ Kxd7 13.Nxe4 Nxe4 14.Qd3 f5 15.c4 Bg7 16.Rfc1 Rhc8
17.Nc3 Nxc3 18.Rxc3 d5 19.c5 Rc6 20.Ra3 Qc7 21.b4 Ke8 22.b5 Re6 23.Rc1 a6
24.g3 Rb8 25.Rb1 axb5 26.Qxb5+ Qd7 27.Kf2 Qxb5 28.Rxb5 Kd8 29.Ra4 Ke8 30.Rab4 Ra8
31.a4 Rea6 32.Rxb7 Bf6 33.g4 Rxa4 34.g5 Rxb4 35.Rxb4 Ra2+ 36.Kf3 Bg7 37.Bf2 Rc2
38.Ra4 Kd7 39.Ra7+ Ke6 40.Ra6+ Kf7 41.Ra4 Ke6  1/2-1/2

[Event "90th LSK Metalka Trgovina"]
[Site "Ljubljana SLO"]
[Date "2002.01.20"]
[Round "2"]
[White "Nisipeanu,LD"]
[Black "Beliavsky,A"]
[Result "1/2-1/2"]
[WhiteElo "2608"]
[BlackElo "2649"]

1.e4 e5 2.Nf3 Nc6 3.Bb5 a6 4.Ba4 Nf6 5.O-O Be7 6.Re1 b5 7.Bb3 d6 8.a4 Bd7
9.c3 O-O 10.d3 Na5 11.Bc2 c5 12.axb5 axb5 13.Bg5 Ng4 14.Bxe7 Qxe7 15.Nbd2 Rfb8
16.d4 cxd4 17.cxd4 Nc6 18.Rxa8 Rxa8 19.h3 Nf6 20.Nf1 Qd8 21.Ne3 Qa5 22.Bb3 Qb4
23.Nd5 Nxd5 24.Bxd5 Rf8 25.Bxc6 Bxc6 26.dxe5 dxe5 27.Nxe5 Bxe4 28.Nd7 Ra8
29.Nf6+ gxf6 30.Qg4+ Kf8 31.Qxe4 Qxe4 32.Rxe4 Ra4 33.Re3  1/2-1/2

[Event "90th LSK Metalka Trgovina"]
[Site "Ljubljana SLO"]
[Date "2002.01.21"]
[Round "3"]
[White "Beliavsky,A"]
[Black "Soln,P"]
[Result "1-0"]
[WhiteElo "2649"]
[BlackElo "2412"]

1.d4 Nf6 2.c4 g6 3.Nc3 Bg7 4.e4 d6 5.h3 O-O 6.Bg5 Qe8 7.Be2 e5 8.d5 a5 9.g4 Na6
10.Nf3 Kh8 11.Nd2 Ng8 12.Nb3 a4 13.Nc1 a3 14.b3 Bf6 15.Bxf6+ Nxf6 16.Nd3 c5
17.Qd2 Bd7 18.f4 Nb4 19.O-O Nxd3 20.Bxd3 Ng8 21.f5 Qd8 22.g5 f6 23.h4 Qe7
24.Rf2 Rf7 25.Raf1 Raf8 26.Qe3 Rg7 27.Rg2 Rgf7 28.Rgf2 Rg7 29.fxg6 Rxg6 30.Be2 fxg5
31.Rxf8 gxh4+ 32.Kh1 Rg3 33.R8f3  1-0

[Event "90th LSK Metalka Trgovina"]
[Site "Ljubljana SLO"]
[Date "2002.01.23"]
[Round "5"]
[White "Beliavsky,A"]
[Black "Kharlov,A"]
[Result "1/2-1/2"]
[WhiteElo "2649"]
[BlackElo "2638"]

1.d4 d5 2.c4 dxc4 3.Nf3 e6 4.e4 b5 5.a4 c6 6.axb5 cxb5 7.b3 Nf6 8.e5 Ne4
9.bxc4 Bb4+ 10.Nbd2 Nc6 11.Bd3 Nc5 12.dxc5 Qxd3 13.cxb5 Qxb5 14.Qe2 Qxe2+
15.Kxe2 a5 16.Ne4 Ba6+ 17.Ke3 O-O-O 18.Nd6+ Kc7 19.Ba3 Bc3 20.Rab1 Ne7 21.Rhd1 Nd5+
22.Rxd5 exd5 23.Rb3 d4+  1/2-1/2

[Event "90th LSK Metalka Trgovina"]
[Site "Ljubljana SLO"]
[Date "2002.01.26"]
[Round "7"]
[White "Farago,I"]
[Black "Beliavsky,A"]
[Result "0-1"]
[WhiteElo "2500"]
[BlackElo "2649"]

1.d4 Nf6 2.c4 g6 3.Nc3 Bg7 4.e4 d6 5.Be2 O-O 6.Bg5 Na6 7.Qd2 e5 8.d5 c6 9.Bf3 Qe8
10.Nge2 cxd5 11.Bxf6 Bxf6 12.Nxd5 Bg7 13.O-O Bd7 14.Nec3 Rc8 15.Nb5 Bxb5
16.cxb5 Nc5 17.Rac1 Kh8 18.b6 axb6 19.Nxb6 Rc6 20.Nc4 Qe7 21.Rfd1 Ne6 22.Nxd6 Rd8
23.Rxc6 bxc6 24.Bg4 Kg8 25.Qb4 Nd4  0-1

[Event "90th LSK Metalka Trgovina"]
[Site "Ljubljana SLO"]
[Date "2002.01.27"]
[Round "8"]
[White "Beliavsky,A"]
[Black "Sveshnikov,E"]
[Result "1/2-1/2"]
[WhiteElo "2649"]
[BlackElo "2565"]

1.d4 d5 2.c4 e6 3.Nf3 Nf6 4.Nc3 c6 5.Bg5 h6 6.Bh4 dxc4 7.e4 g5 8.Bg3 b5 9.Be2 Bb7
10.h4 b4 11.hxg5 bxc3 12.bxc3 Nxe4 13.Be5 Nxc3 14.Qc2 Nxe2 15.Kxe2 Nd7 16.Bxh8 hxg5
17.Rh7 g4 18.Ne5 Nxe5 19.Bxe5 Qd5 20.Rb1 c5 21.Rxb7 Qxb7 22.Qa4+ Qd7 23.Qxd7+ Kxd7
24.Rxf7+ Kc6 25.Rc7+ Kd5 26.Rd7+ Kc6 27.Rc7+ Kb6 28.dxc5+ Bxc5 29.Rg7 Rf8
30.Bg3 c3 31.Kd3 Rd8+ 32.Kc2 Rd2+ 33.Kxc3 Rxa2 34.Rxg4 Bxf2 35.Bxf2+ Rxf2
36.Re4 Rf6 37.Re5 Kc6 38.Ra5 Rf7 39.g4 Kd6 40.g5 Rf5 41.Rxa7 Rxg5 42.Kd4  1/2-1/2

[Event "90th LSK Metalka Trgovina"]
[Site "Ljubljana SLO"]
[Date "2002.01.28"]
[Round "9"]
[White "Jelen,Ig"]
[Black "Beliavsky,A"]
[Result "0-1"]
[WhiteElo "2374"]
[BlackElo "2649"]

1.d4 e6 2.c4 b6 3.e4 Bb7 4.Bd3 f5 5.exf5 Bb4+ 6.Kf1 Nf6 7.Be2 O-O 8.c5 bxc5
9.a3 Ba5 10.dxc5 Nd5 11.Nf3 Qf6 12.fxe6 Na6 13.Qc2 Rae8 14.exd7 Rxe2 15.Kxe2 Qe6+
16.Be3 Nf4+ 17.Kd1 Be4 18.Qa4 Nxc5 19.Qb5 Bd3  0-1

[Event "90th LSK Metalka Trgovina"]
[Site "Ljubljana SLO"]
[Date "2002.01.29"]
[Round "10"]
[White "Beliavsky,A"]
[Black "Podlesnik,B"]
[Result "1-0"]
[WhiteElo "2649"]
[BlackElo "2397"]

1.d4 Nf6 2.c4 e6 3.Nf3 b6 4.g3 Ba6 5.b3 d5 6.cxd5 Bb4+ 7.Bd2 Bxd2+ 8.Qxd2 Ne4
9.Qb2 exd5 10.Bg2 O-O 11.O-O Re8 12.b4 c5 13.b5 Bb7 14.Nc3 a6 15.a4 Qf6 16.e3 Nxc3
17.Qxc3 Nd7 18.Rfc1 a5 19.dxc5 Qxc3 20.Rxc3 Nxc5 21.Nd4 Rac8 22.Bh3 Rc7 23.Rac1 Rce7
24.Rxc5 bxc5 25.Rxc5 g6 26.Kf1 f5 27.Bg2 Rd7 28.Nb3 Rc8 29.Rxc8+ Bxc8 30.Nxa5 Kf8
31.Nc6 Bb7 32.Nd4 Ke7 33.Ke2 Kd6 34.Kd2 Rd8 35.a5 Ra8 36.Nb3 Bc8 37.Bf1 d4
38.exd4 Be6 39.Nc5 Bd5 40.a6 Rf8 41.b6 f4 42.Bb5 fxg3 43.fxg3 Rf2+ 44.Kc3 Rxh2
45.Nd7 Rg2 46.b7 Rxg3+ 47.Kb4  1-0

[Event "90th LSK Metalka Trgovina"]
[Site "Ljubljana SLO"]
[Date "2002.01.31"]
[Round "11"]
[White "Volokitin,A"]
[Black "Beliavsky,A"]
[Result "1/2-1/2"]
[WhiteElo "2586"]
[BlackElo "2649"]

1.e4 e5 2.Nf3 Nc6 3.Bb5 a6 4.Ba4 Nf6 5.O-O Be7 6.Re1 b5 7.Bb3 d6 8.c3 O-O
9.d4 Bg4 10.d5 Na5 11.Bc2 Qc8 12.Nbd2 c6 13.b4 Nb7 14.dxc6 Qxc6 15.Bb2 Nd8
16.Nf1 Ne6 17.Ne3 Bh5 18.Nd5 Qb7 19.Bb3 Rac8 20.Qd3 Nxd5 21.Bxd5 Qd7 22.Bc1 Rc7
23.Bd2 Rfc8 24.Rec1 Bf6 25.Bb3 Nf4 26.Bxf4 exf4 27.Nd4 f3 28.Bd1 d5 29.Bxf3 dxe4
30.Qxe4 Qxd4 31.Qxd4 Bxd4 32.Bxh5 Bxc3 33.Rab1 Bxb4 34.Rxc7 Rxc7 35.Kf1 Be7
36.Bd1 g6 37.Bb3 h5 38.Rb2 a5 39.Bd1 Rc1 40.Ke2 Ra1 41.Bb3 a4 42.Bd5 b4 43.Rc2 b3
44.axb3 a3 45.Rc8+ Kg7 46.Ra8 Bb4 47.Kf3 Rd1 48.Bc4 Rd2 49.Ke3 Rc2 50.Ra4 Bd6
51.Bd5 Rb2 52.Kd3 g5 53.h3 f5 54.Kc3 Kf6 55.b4 Ke5 56.Bf7 Rxf2 57.Rxa3 Rxg2
58.Bxh5 Rg3+ 59.Kb2 Rxa3 60.Kxa3 Kd4 61.Kb3 f4 62.b5 Ke3 63.Kc2 f3 64.Kd1 Kf2
65.Kd2 Kg2 66.Ke3 Bc5+ 67.Ke4 f2 68.Be2 Kxh3 69.Kf5 Kh4 70.Kg6 g4 71.Kf5 Kg3
72.Kg5 Bb6 73.Kf5 Bd8 74.Bc4 Bc7 75.Be2 Ba5 76.Kg5 Bb6 77.Kf5 Bd8 78.Bc4 Kf3
79.Bd5+ Ke3 80.Bg2 g3 81.Kg4 Bc7 82.Bf1 Bd6  1/2-1/2

[Event "Anibal Open"]
[Site "Linares ESP"]
[Date "2002.03.03"]
[Round "3"]
[White "Te Llalemand,R"]
[Black "Beliavsky,A"]
[Result "0-1"]
[WhiteElo "2291"]
[BlackElo "2649"]

1.e4 e5 2.Nf3 Nc6 3.Bb5 a6 4.Ba4 Nf6 5.O-O Be7 6.Re1 b5 7.Bb3 d6 8.c3 O-O
9.h3 Nb8 10.d4 Nbd7 11.Nbd2 Bb7 12.Bc2 Re8 13.d5 c6 14.dxc6 Bxc6 15.Nf1 Bf8
16.Ng3 d5 17.exd5 Bxd5 18.Ng5 g6 19.N5e4 Qb6 20.Bb3 Qc6 21.Bxd5 Nxd5 22.a4 f5
23.Nd2 e4 24.Ndf1 Ne5 25.Ne3 Nd3 26.Qb3 Rad8 27.Re2 bxa4 28.Qa2 a3 29.b4 Bg7
30.Bd2 Nf4 31.Ree1 Kh8 32.c4 Nxe3 33.Bxe3 Nd3 34.Bg5 Rc8 35.Reb1 f4 36.Ne2 Rf8
37.Qxa3 f3 38.Nc1 Nxf2 39.Qxa6 Nxh3+ 40.gxh3 f2+ 41.Kf1 Qd7  0-1

[Event "Anibal Open"]
[Site "Linares ESP"]
[Date "2002.03.04"]
[Round "4"]
[White "Beliavsky,A"]
[Black "Labollita,M"]
[Result "1-0"]
[WhiteElo "2649"]
[BlackElo "2398"]

1.d4 d5 2.c4 c6 3.Nf3 Nf6 4.Nc3 a6 5.cxd5 cxd5 6.Bg5 Ne4 7.Bh4 Nc6 8.e3 Qa5
9.Qb3 Qb4 10.Qxb4 Nxb4 11.Rc1 Nxc3 12.bxc3 Nc6 13.c4 dxc4 14.Bxc4 e6 15.O-O Be7
16.Bg3 O-O 17.e4 Rd8 18.d5 exd5 19.exd5 Nb4 20.Rfe1 Kf8 21.d6 Bf6 22.Ne5 Bxe5
23.Rxe5 Nc6 24.Re3 Bd7 25.Rf3 f6 26.Rfc3 Rac8 27.Bf1 Nd4 28.Rc7 Ne6 29.Bc4 b5
30.Bxe6 Bxe6 31.Re1 Bxa2 32.Rxc8 Rxc8 33.d7  1-0

[Event "Anibal Open"]
[Site "Linares ESP"]
[Date "2002.03.05"]
[Round "5"]
[White "Ibrahimov,R"]
[Black "Beliavsky,A"]
[Result "1-0"]
[WhiteElo "2436"]
[BlackElo "2649"]

1.Nf3 d6 2.d4 Nf6 3.g3 c5 4.Bg2 cxd4 5.Nxd4 h5 6.h4 g6 7.O-O Bg7 8.c4 O-O
9.Nc3 Nc6 10.Nxc6 bxc6 11.Bxc6 Rb8 12.Bg2 Bf5 13.Qd2 Rc8 14.e4 Bg4 15.b3 Nd7
16.Bb2 Ne5 17.Nd5 e6 18.Nf4 Bf3 19.Nd3 Bxg2 20.Kxg2 Ng4 21.Bxg7 Kxg7 22.f3 Nf6
23.Rad1 Qb6 24.e5 dxe5 25.Nxe5 Rfd8 26.Qb2 Qc7 27.Rd3 Rxd3 28.Nxd3 Rd8 29.Rd1 e5
30.Nf2 Rxd1 31.Nxd1 Qd6 32.Nf2 Kh7 33.Qc3 Qe6 34.Ne4 Nxe4 35.fxe4 f5 36.Qe3 f4
37.Qxa7+ Kh6 38.Qa8 Qf6 39.Qd5 fxg3 40.Qd2+ Kh7 41.Kxg3 Qf1 42.Qf2 Qd1 43.Qf3 Qd2
44.a4 Kg7 45.Kh3 Qd7+ 46.Kg2 Qd2+ 47.Kg3 Qe1+ 48.Kh3 Qd2 49.Qg3 Qd4 50.Qf3 Qd7+
51.Kg2 Qd2+ 52.Kg3 Qe1+ 53.Kh3 Qd2 54.c5 Qc2 55.Qe3 Qd1 56.Kg2 Qg4+ 57.Kf1 Qxh4
58.b4 Qh1+ 59.Ke2 Qg2+ 60.Kd3 Qf1+ 61.Kc3 Qa1+ 62.Kc4 Qxa4 63.Qg5 Qa2+ 64.Kb5 Qe2+
65.Kb6 Qxe4 66.Qe7+ Kh6 67.c6 Qf5 68.c7 e4 69.Qe8 Qf6+ 70.Kb7 Qd6 71.Qxe4 Qd7
72.Qc6 Qe7 73.Qc5 Qe4+ 74.Ka7  1-0

[Event "Anibal Open"]
[Site "Linares ESP"]
[Date "2002.03.06"]
[Round "6"]
[White "Beliavsky,A"]
[Black "Suarez Pousa,D"]
[Result "1-0"]
[WhiteElo "2649"]
[BlackElo "2398"]

1.d4 Nf6 2.c4 e6 3.Nf3 Bb4+ 4.Bd2 Qe7 5.g3 Nc6 6.Nc3 Bxc3 7.Bxc3 Ne4 8.Rc1 O-O
9.Bg2 Nxc3 10.Rxc3 d6 11.d5 Nb8 12.Nd2 a5 13.O-O Nd7 14.f4 f5 15.dxe6 Nc5
16.Nb3 Nxe6 17.e4 a4 18.Nd4 Nxd4 19.Qxd4 fxe4 20.Bxe4 Qf6 21.Qd2 Bh3 22.Re1 Rfe8
23.Rce3 h6 24.Bh7+ Kxh7 25.Rxe8 Rxe8 26.Rxe8 Bf5 27.Qc3 Qf7 28.Re1 c6 29.b3 axb3
30.axb3 b5 31.cxb5 cxb5 32.b4 Qa7+ 33.Qe3 Qa2 34.h3 d5 35.Qe5 Qa7+ 36.Kg2 Be4+
37.Rxe4 dxe4 38.Qxe4+ g6 39.Qd5 Qe7 40.Qxb5 Qe4+ 41.Kf2 h5 42.Qd7+ Kh6 43.Qd2 Kh7
44.b5 Qb7 45.Qb4 Qb6+ 46.Kf3 Qb7+ 47.Ke3 Qb6+ 48.Kd3 Kh6 49.Qf8+ Kh7 50.Qe7+ Kg8
51.Qe8+ Kh7 52.Qd7+ Kh6 53.Kc4 Qe3 54.Qd4 Qe6+ 55.Kb4 Qe7+ 56.Ka4 Qe8 57.Qe5 Qa8+
58.Kb4 Qf8+ 59.Qc5 Qe8 60.b6 Qe1+ 61.Qc3 Qe4+ 62.Kc5 Qe7+ 63.Kb5 Qe8+ 64.Qc6 Qe2+
65.Qc4 Qe8+ 66.Ka5 Qa8+ 67.Kb4 Qb7 68.Qe6 Qg2 69.f5 Qb2+ 70.Kc5 Qc3+ 71.Kd6 Qd3+
72.Ke7 Qa3+ 73.Kf7 Kg5 74.Qe7+  1-0

[Event "Anibal Open"]
[Site "Linares ESP"]
[Date "2002.03.07"]
[Round "7"]
[White "Beliavsky,A"]
[Black "Cabrera,A"]
[Result "1-0"]
[WhiteElo "2649"]
[BlackElo "2440"]

1.d4 Nf6 2.c4 g6 3.Nc3 Bg7 4.e4 d6 5.Nf3 O-O 6.Be2 c5 7.d5 e6 8.O-O exd5
9.cxd5 Bg4 10.Bf4 a6 11.h3 Bxf3 12.Bxf3 Qe7 13.a4 Nbd7 14.a5 Ne8 15.Qa4 Rb8
16.Rfe1 Nc7 17.Bg4 Ne5 18.Be2 b5 19.axb6 Rxb6 20.Qc2 Rfb8 21.Ra2 R6b7 22.Rea1 Nb5
23.Nxb5 axb5 24.Ra8 Qd8 25.R8a6 g5 26.Be3 Rb6 27.Rxb6 Rxb6 28.Ra7 Rb8 29.b3 Ng6
30.Bg4 Be5 31.g3 h6 32.Qa2 Nf8 33.Kg2 Qf6 34.Bf5 Ng6 35.Rxf7 Kxf7 36.Qa7+ Ne7
37.Be6+ Kg7 38.Qxb8 b4 39.Qb5 Qg6 40.Kf3 Qf6+ 41.Ke2 Bd4 42.Bxd4 Qxd4 43.Qd3 Qa1
44.Qf3 Qa6+ 45.Ke3 Qa7 46.Qf7+ Kh8 47.Kf3 c4 48.Bf5  1-0

[Event "Anibal Open"]
[Site "Linares ESP"]
[Date "2002.03.08"]
[Round "8"]
[White "Kempinski,R"]
[Black "Beliavsky,A"]
[Result "1/2-1/2"]
[WhiteElo "2576"]
[BlackElo "2649"]

1.d4 e6 2.c4 b6 3.g3 Bb7 4.Nf3 Bb4+ 5.Bd2 Bxf3 6.exf3 Bxd2+ 7.Qxd2 Ne7 8.Nc3 d5
9.cxd5 Nxd5 10.Bg2 Nc6 11.f4 Nce7 12.Nxd5 exd5 13.O-O O-O 14.Rac1 c6 15.Rfe1 Rc8
16.Re5 Rc7 17.h4 Ng6 18.Re3 Ne7 19.Re5 Ng6  1/2-1/2

[Event "Anibal Open"]
[Site "Linares ESP"]
[Date "2002.03.10"]
[Round "10"]
[White "Mirzoev,A"]
[Black "Beliavsky,A"]
[Result "0-1"]
[WhiteElo "2494"]
[BlackElo "2649"]

1.d4 Nf6 2.Nf3 g6 3.g3 Bg7 4.Bg2 O-O 5.O-O d6 6.Nbd2 Nc6 7.c3 e5 8.dxe5 dxe5
9.e4 b6 10.Re1 a5 11.Qc2 Ba6 12.Bf1 Bxf1 13.Nxf1 Qc8 14.Bd2 a4 15.Ne3 Rd8
16.Rad1 Qe6 17.c4 Nd4 18.Nxd4 exd4 19.Nd5 c6 20.Nf4 Qd7 21.Nd3 Re8 22.f3 h5
23.c5 b5 24.Bf4 Bf8 25.Nb4 Nh7 26.h4 Rad8 27.Kg2 Qe6 28.Rd2 Rd7 29.Red1 Red8
30.b3 axb3 31.Qxb3 Re8 32.Nd3 Ra7 33.Rc2 Ra4 34.Rdd2 Rc4 35.Bc7 Nf6 36.Nf4 Qd7
37.Bb6 Rxc2 38.Rxc2 Bh6 39.Nd3 Ra8 40.Ne5 Qe8 41.Bc7 Nd7 42.Nd3 Nf8 43.Bd6 Ne6
44.a3 Be3 45.Ra2 Ra7 46.Nb4 Ra4 47.Ra1 Qa8 48.f4 Ng7 49.Be5 Qe8 50.Rd1 Ne6
51.Kh2 Qa8 52.f5 Rxa3 53.Qb1 Nxc5 54.fxg6 fxg6 55.Bxd4 Bxd4 56.Rxd4 Qf8 57.Qe1 Ne6
58.Rd2 Rc3 59.Nd3 Nd4 60.Ne5 Nf3+ 61.Nxf3 Qxf3 62.Rd8+ Kf7 63.Rd2 Re3 64.Qb1  0-1

[Event "Mitropa Cup"]
[Site "Leipzig GER"]
[Date "2002.05.03"]
[Round "1"]
[White "Korchnoi,V"]
[Black "Beliavsky,A"]
[Result "1/2-1/2"]
[WhiteElo "2635"]
[BlackElo "2661"]

1.d4 d5 2.c4 c6 3.Nf3 Nf6 4.e3 Bf5 5.Nc3 e6 6.Nh4 Bg6 7.Nxg6 hxg6 8.Qd3 Nbd7
9.g3 dxc4 10.Qxc4 e5 11.Bg2 Nb6 12.Qe2 exd4 13.exd4+ Be7 14.O-O O-O 15.Bf4 Re8
16.Be5 Nfd5 17.Be4 Bb4 18.Nxd5 Nxd5 19.Qf3 Bd6 20.Rfe1 Bxe5 21.Bxd5 Bf6 22.Rxe8+ Qxe8
23.Bc4 Bxd4 24.Qg4 Rd8 25.Qxg6 b5 26.Bb3 Bxf2+ 27.Kg2 Rd2 28.Rf1 Bd4+ 29.Kh3 Rxh2+
30.Kg4 Bf2 31.Qf5 Qe2+ 32.Qf3 Qxf3+ 33.Kxf3 Bd4 34.Ke4 Rf2 35.Rxf2 Bxf2 36.g4 Kf8
37.a4 a6 38.axb5 axb5 39.Bd1 Ke7 40.b3 Kd6 41.Bf3 Bh4 42.Kd3 Be7 43.Ke4 Bf6
44.Be2 Ba1 45.Bf3 Bb2 46.Be2 g6 47.Bf3 Ba1 48.Kf4 Bf6 49.Be4 Bd8 50.Bf3 c5
51.Be2 c4 52.bxc4 b4 53.Bd1 Kc5 54.Bb3 Kd4 55.c5 g5+ 56.Kf3 f5 57.gxf5 Kxc5
58.Ke4 Kd6 59.Bd1 Ke7 60.Ke5 Bc7+ 61.Kd5 Kf6  1/2-1/2

[Event "Mitropa Cup"]
[Site "Leipzig GER"]
[Date "2002.05.06"]
[Round "4"]
[White "Balinov,I"]
[Black "Beliavsky,A"]
[Result "0-1"]
[WhiteElo "2464"]
[BlackElo "2661"]

1.Nf3 Nf6 2.d4 e6 3.c4 Bb4+ 4.Bd2 Qe7 5.g3 Nc6 6.e3 Bxd2+ 7.Nfxd2 O-O 8.Bg2 e5
9.d5 Nb8 10.Nc3 a5 11.O-O Na6 12.a3 d6 13.Qc2 Bd7 14.Rab1 c6 15.b4 axb4 16.axb4 c5
17.bxc5 Nxc5 18.Nb3 Ba4 19.Nxa4 Nxa4 20.Bh3 Ra6 21.Ra1 Rfa8 22.Rfb1 Qc7 23.Ra2 Nb6
24.Rxa6 bxa6 25.Nd2 a5 26.Qb3 Nbd7 27.Bxd7 Nxd7 28.Qb7 Qxb7 29.Rxb7 Nc5 30.Rb6 a4
31.Nb1 Kf8 32.Na3 Ke7 33.Kf1 h5 34.f3 g5 35.Ke2 g4 36.Kf2 Nd7 37.Rb7 Rb8
38.Rxb8 Nxb8 39.Ke2 Na6 40.fxg4 hxg4 41.Kd2 Nc5 42.Kc3 Ne4+ 43.Kb4 Nd2 44.Kxa4 Nf1
45.Nc2 Nxh2 46.c5 Nf1 47.Kb5 Nxg3 48.c6 Ne4 49.Kc4 f5 50.Ne1 f4 51.exf4 exf4
52.Kd4 f3 53.Nd3 f2 54.Nxf2 Nxf2 55.Ke3 g3  0-1

[Event "23rd Open"]
[Site "Bled SLO"]
[Date "2002.07.02"]
[Round "1"]
[White "Beliavsky,A"]
[Black "Dizdar,S"]
[Result "1-0"]
[WhiteElo "2652"]
[BlackElo "2380"]

1.d4 e6 2.c4 Nf6 3.Nf3 Bb4+ 4.Bd2 Qe7 5.g3 Nc6 6.e3 Ne4 7.Bg2 f5 8.O-O d5
9.a3 Bxd2 10.Nfxd2 Nd8 11.Nc3 c6 12.Ndxe4 dxe4 13.f3 exf3 14.Qxf3 O-O 15.g4 e5
16.Qg3 exd4 17.exd4 fxg4 18.Rae1 Rxf1+ 19.Bxf1 Be6 20.d5 cxd5 21.cxd5 Qc5+
22.Kh1 Bxd5+ 23.Nxd5 Qxd5+ 24.Bg2 Qd7 25.Qb3+ Kh8 26.Qd3 Qf7 27.Bd5 Qf8 28.Qb5 Ne6
29.Rxe6 Rd8 30.Re1 a6 31.Qxb7  1-0

[Event "23rd Open"]
[Site "Bled SLO"]
[Date "2002.07.03"]
[Round "2"]
[White "Solak,D"]
[Black "Beliavsky,A"]
[Result "1/2-1/2"]
[WhiteElo "2522"]
[BlackElo "2652"]

1.e4 d6 2.d4 Nf6 3.Nc3 g6 4.Nf3 Bg7 5.Be2 O-O 6.O-O Nc6 7.d5 Ne5 8.Nxe5 dxe5
9.Be3 e6 10.dxe6 Bxe6 11.Qxd8 Rfxd8 12.Rfd1 a6 13.f3 Bf8 14.Kf2 Kg7 15.a3 Nd7
16.Nd5 Rac8 17.g3 f6 18.b4 c6 19.Nb6 Nxb6 20.Bxb6 Rxd1 21.Rxd1 c5 22.b5 c4
23.bxa6 bxa6 24.a4 Kf7 25.Ke3 Bb4 26.a5 Ke7 27.Rb1 Bc3 28.Kf2 Bd7 29.h4 Ba4
30.Ke3 Bb5 31.Bf1 Kf7 32.Rd1 Re8 33.Bh3 Bb4 34.Rb1 Bc3 35.Rd1 Bb4 36.Rb1 Bc3  1/2-1/2

[Event "23rd Open"]
[Site "Bled SLO"]
[Date "2002.07.05"]
[Round "4"]
[White "Jaracz,P"]
[Black "Beliavsky,A"]
[Result "1/2-1/2"]
[WhiteElo "2516"]
[BlackElo "2652"]

1.e4 e5 2.Nf3 Nc6 3.Bb5 a6 4.Ba4 Nf6 5.O-O Be7 6.Re1 b5 7.Bb3 d6 8.c3 O-O
9.h3 Nb8 10.d3 Nbd7 11.Nbd2 Bb7 12.Nf1 Nc5 13.Bc2 Re8 14.Ng3 Bf8 15.b4 Ncd7
16.Bd2 d5 17.exd5 Bxd5 18.Bb3 c5 19.Bxd5 Nxd5 20.bxc5 Bxc5 21.Qb3 N5b6 22.d4 exd4
23.cxd4 Bf8 24.Rxe8 Qxe8 25.Re1 Qc8 26.Ng5 Qc4 27.Qb1 g6 28.Nf3 Rc8 29.Rc1 Qd5
30.Rxc8 Nxc8 31.Nf1 Nd6 32.Ne3 Qe4 33.Qb3 Nb6 34.Ng4 Bg7 35.Qa3 Nbc4 36.Qxa6 Nxd2
37.Qxd6 Qb1+ 38.Kh2 Nxf3+ 39.gxf3 h5 40.Ne5 Qf1 41.Qd8+ Kh7 42.Qh4 Bxe5+
43.dxe5 Qe2 44.e6 Qxe6 45.a4 Qc4 46.Qxc4 bxc4 47.a5 c3 48.a6 c2 49.a7 c1=Q
50.a8=Q Qf1 51.Qa7 Kg7 52.Qd4+ Kg8 53.Qd8+ Kh7 54.Qd4  1/2-1/2